000
00363nam a2200133Ia 4500
008
191206s9999 xx 000 0 und d
020
_a
1414303513
090
_a
BS2095.N.394
245
0
_a
nt:sport: the word of God for the world of sport
260
_a
Tyndale
260
_c
cc2004]
300
_a
322 p. : col. ill. ; 27 cm.
999
_c
16579
_d
16579